[Event "EOBCC 2020"]
[Site "Online"]
[Date "2020.12.18"]
[Round "10.48"]
[White "Fedorchuk, Sergey A."]
[Black "Efimov, Igor"]
[Result "1-0"]
[WhiteElo "2616"]
[BlackElo "2416"]
[Annotator "RC"]
[PlyCount "43"]
[EventDate "2020.12.18"]
[EventType "tourn"]
[EventCountry "NET"]
[SourceTitle "playchess.com"]
[Source "ChessBase"]
[SourceQuality "1"]

1. e4 c6 2. d4 d5 3. Nd2 dxe4 4. Nxe4 Nf6 5. Nxf6+ gxf6 6. c3 Qd5 7. Be3 h5 8. Ne2 h4 9. Nf4 Qd6 10. Bc4 Bf5 11. Qb3 b5 12. Bxf7+ Kd7 13. Bg6 Bxg6 14. Nxg6 Bg7 15. Nxh8 Bxh8 16. Qg8 Qd5 17. Qxh8 Qxg2 18. O-O-O Qe4 19. Rhg1 Kc7 20. Rg8 a5 21. Rc8+ Kb7 22. Qd8 1-0

[Event "EOBCC 2020"]
[Site "Online"]
[Date "2020.12.18"]
[Round "10.50"]
[White "Smirin, Ilia"]
[Black "Subelj, Jan"]
[Result "1/2-1/2"]
[WhiteElo "2614"]
[BlackElo "2403"]
[Annotator "RC"]
[PlyCount "94"]
[EventDate "2020.12.18"]
[EventType "tourn"]
[EventCountry "NET"]
[SourceTitle "playchess.com"]
[Source "ChessBase"]
[SourceQuality "1"]

1. e4 e5 2. f4 exf4 3. Bc4 d5 4. exd5 Nf6 5. Nf3 Nxd5 6. Bxd5 Qxd5 7. Nc3 Qe6+ 8. Kf2 Be7 9. d4 O-O 10. Bxf4 Qd7 11. Re1 Bd6 12. Qd2 Nc6 13. Bxd6 Qxd6 14. Nb5 Qd8 15. Qf4 Nb4 16. Nxc7 Rb8 17. Re2 Bd7 18. a3 Nc6 19. d5 Ne7 20. Rae1 Ng6 21. Qg3 Qf6 22. Kg1 Qxb2 23. h4 h5 24. d6 Qxa3 25. Nd5 Qc5+ 26. Ne3 Rfe8 27. Kh2 Bb5 28. c4 Bc6 29. Nd5 Rxe2 30. Rxe2 Bxd5 31. d7 Rf8 32. cxd5 Qb5 33. Qd6 Qxe2 34. d8=Q Rxd8 35. Qxd8+ Nf8 36. d6 Qe6 37. Qe7 a5 38. Ng5 Qf5 39. Qxb7 Qf4+ 40. g3 Qf2+ 41. Kh3 Qf5+ 42. Kh2 Qf2+ 43. Kh3 Qf1+ 44. Kh2 Qe2+ 45. Kh3 Qf1+ 46. Kh2 Qe2+ 47. Kh3 Qf1+ 1/2-1/2

[Event "EOBCC 2020"]
[Site "Online"]
[Date "2020.12.18"]
[Round "10.51"]
[White "Stocek, Jiri"]
[Black "Babazada, Khazar"]
[Result "0-1"]
[WhiteElo "2604"]
[BlackElo "2409"]
[Annotator "ChessBase"]
[PlyCount "64"]
[EventDate "2020.12.18"]
[EventType "tourn"]
[EventCountry "NET"]
[SourceTitle "playchess.com"]
[Source "ChessBase"]
[SourceQuality "1"]

1. d4 g6 2. e4 Bg7 3. Be3 c6 4. c4 d6 5. Nc3 Nf6 6. f3 a6 7. Qd2 b5 8. O-O-O b4 9. Nce2 a5 10. Kb1 h5 11. h4 Qc7 12. Nh3 Ba6 13. Nc1 Nbd7 14. Ng5 Rb8 15. Bd3 a4 16. Rhe1 O-O 17. f4 Ng4 18. Bg1 c5 19. e5 dxe5 20. dxe5 Nb6 21. Qe2 Rfd8 22. f5 gxf5 23. e6 f6 24. Nf7 Rxd3 25. Qxd3 Nxc4 26. Qxf5 b3 27. a3 Qg3 28. Qxc5 Qxg2 29. Bd4 Qc2+ 30. Ka1 Rc8 31. Qxh5 Nd2 32. Ne2 Bxe2 0-1

[Event "EOBCC 2020"]
[Site "Online"]
[Date "2020.12.18"]
[Round "10.52"]
[White "Sargsyan, Shant"]
[Black "Sargsyan, Anna M."]
[Result "1/2-1/2"]
[WhiteElo "2596"]
[BlackElo "2402"]
[Annotator "ChessBase"]
[PlyCount "129"]
[EventDate "2020.12.18"]
[EventType "tourn"]
[EventCountry "NET"]
[SourceTitle "playchess.com"]
[Source "ChessBase"]
[SourceQuality "1"]

1. e4 c6 2. d4 d5 3. f3 dxe4 4. fxe4 e5 5. Nf3 Bg4 6. c3 Nd7 7. Bc4 b5 8. Bb3 Ngf6 9. O-O Bd6 10. Bg5 Qc7 11. Nbd2 O-O 12. h3 Bh5 13. Qe1 Bg6 14. Nh4 Rae8 15. Nxg6 hxg6 16. Qf2 c5 17. Rac1 c4 18. Bc2 Nh5 19. Nf3 f6 20. Be3 g5 21. d5 Bc5 22. Kh2 Nf4 23. g3 Ng6 24. b4 Bxe3 25. Qxe3 Qb6 26. Rce1 Qxe3 27. Rxe3 Nb6 28. Kg2 Ra8 29. a4 a5 30. bxa5 Rxa5 31. axb5 Rxb5 32. Ra1 Rb2 33. Re2 Rb8 34. Kf2 Nd7 35. Ra7 Nc5 36. d6 Nd3+ 37. Bxd3 cxd3 38. Rxb2 Rxb2+ 39. Ke3 Nf8 40. Kxd3 Rb6 41. d7 Rd6+ 42. Ke3 Nxd7 43. h4 g4 44. Nh2 Nc5 45. Rc7 Rd3+ 46. Ke2 Rxc3 47. Rc8+ Kh7 48. Nxg4 Nxe4 49. Rxc3 Nxc3+ 50. Kf3 Nd5 51. Nf2 Kg6 52. g4 Ne7 53. Ne4 Nc6 54. h5+ Kf7 55. Nd6+ Kf8 56. Ke4 Nd4 57. g5 Ke7 58. h6 gxh6 59. gxh6 Kf8 60. Kd5 Kg8 61. Ne8 Kh7 62. Nxf6+ Kxh6 63. Kxe5 Nc6+ 64. Kd6 Kg6 65. Kxc6 1/2-1/2

[Event "EOBCC 2020"]
[Site "Online"]
[Date "2020.12.18"]
[Round "10.54"]
[White "Thybo, Jesper Sondergaard"]
[Black "Erdogdu, Mert"]
[Result "0-1"]
[WhiteElo "2565"]
[BlackElo "2396"]
[Annotator "ChessBase"]
[PlyCount "104"]
[EventDate "2020.12.18"]
[EventType "tourn"]
[EventCountry "NET"]
[SourceTitle "playchess.com"]
[Source "ChessBase"]
[SourceQuality "1"]

1. Nf3 d5 2. e3 e6 3. c4 c5 4. cxd5 exd5 5. Bb5+ Bd7 6. Bxd7+ Qxd7 7. O-O Nf6 8. Nc3 Nc6 9. d4 c4 10. Bd2 Bb4 11. Ne5 Qc8 12. Qa4 Bxc3 13. Bxc3 O-O 14. Nxc6 bxc6 15. f3 Re8 16. Rae1 Qb7 17. Qc2 Re6 18. e4 dxe4 19. fxe4 Rae8 20. e5 Nd5 21. Qa4 Nb6 22. Qb4 Qd7 23. Rf2 Qd5 24. Ref1 R8e7 25. a4 h6 26. a5 Nd7 27. h3 c5 28. dxc5 Nxc5 29. Qb8+ Kh7 30. Rxf7 Rxf7 31. Rxf7 Rg6 32. Rf2 Ne4 33. Qf8 Nxf2 34. Qxf2 a6 35. Kh2 Qe4 36. Qd2 Qd3 37. Qf2 h5 38. Qh4 Kg8 39. Qf2 Qe4 40. Qd2 h4 41. Qf2 Kh7 42. Qd2 Rg3 43. Qf2 Re3 44. Kg1 Re2 45. Qf1 Qe3+ 46. Kh1 Rf2 47. Qd1 Qf4 48. Qh5+ Kg8 49. Qe8+ Kh7 50. Qh5+ Qh6 51. Qd1 Qg6 52. Qg1 Qf5 0-1

[Event "EOBCC 2020"]
[Site "Online"]
[Date "2020.12.18"]
[Round "10.55"]
[White "Mischuk, Dmitry"]
[Black "Sadzikowski, Daniel"]
[Result "1-0"]
[WhiteElo "2364"]
[BlackElo "2528"]
[Annotator "ChessBase"]
[PlyCount "95"]
[EventDate "2020.12.18"]
[EventType "tourn"]
[EventCountry "NET"]
[SourceTitle "playchess.com"]
[Source "ChessBase"]
[SourceQuality "1"]

1. e4 c6 2. d4 d5 3. exd5 cxd5 4. Bd3 Nf6 5. c3 Bg4 6. Qb3 Qc7 7. h3 Bh5 8. Be3 e6 9. Nd2 Bd6 10. Ngf3 Nc6 11. O-O Bg6 12. Bxg6 hxg6 13. Rfe1 O-O-O 14. Rac1 Kb8 15. Qa4 Rh5 16. b4 Ne4 17. b5 Na5 18. c4 Nxd2 19. Nxd2 dxc4 20. Nxc4 Nxc4 21. Rxc4 Qd7 22. d5 b6 23. dxe6 fxe6 24. Rc6 Bc7 25. Rec1 Rc8 26. Qc4 Rd5 27. g3 Kb7 28. a4 Rd1+ 29. Rxd1 Qxd1+ 30. Kg2 Qd5+ 31. Qxd5 exd5 32. Bd4 Bd8 33. Rxc8 Kxc8 34. Bxg7 Kd7 35. f4 Kd6 36. Bd4 Ke6 37. Kf3 Be7 38. Be5 Bb4 39. Bb8 Kd7 40. g4 Kc8 41. Be5 Kd7 42. h4 Ke6 43. h5 gxh5 44. gxh5 Kf5 45. Bb8 Bd2 46. Bxa7 Bxf4 47. Bxb6 Ke6 48. Kxf4 1-0

[Event "EOBCC 2020"]
[Site "Online"]
[Date "2020.12.18"]
[Round "10.56"]
[White "Olszewski, Michal"]
[Black "Eren, Ataberk"]
[Result "1-0"]
[WhiteElo "2525"]
[BlackElo "2321"]
[Annotator "ChessBase"]
[PlyCount "97"]
[EventDate "2020.12.18"]
[EventType "tourn"]
[EventCountry "NET"]
[SourceTitle "playchess.com"]
[Source "ChessBase"]
[SourceQuality "1"]

1. e4 e6 2. d4 d5 3. Nc3 Nf6 4. e5 Nfd7 5. Nce2 c5 6. c3 Nc6 7. Nf3 Qb6 8. g3 cxd4 9. cxd4 f6 10. exf6 Nxf6 11. Nc3 Bd6 12. Bg2 O-O 13. O-O Bd7 14. Re1 Rae8 15. a3 a6 16. b4 Re7 17. Bb2 Be8 18. Na4 Qd8 19. Ne5 Bh5 20. Qd2 Ne4 21. Nxc6 Nxd2 22. Nxd8 Rxd8 23. Nc5 Kf7 24. f3 b6 25. Nd3 Kg8 26. g4 Bg6 27. Ne5 Bxe5 28. dxe5 Rf8 29. Re3 Nc4 30. Re2 Nxb2 31. Rxb2 Rc8 32. f4 Rc4 33. f5 Bf7 34. f6 Rec7 35. h3 Rc1+ 36. Rxc1 Rxc1+ 37. Kf2 Rc3 38. a4 Bg6 39. Bf1 gxf6 40. exf6 a5 41. bxa5 bxa5 42. Rb7 Be4 43. Be2 d4 44. Re7 d3 45. Rxe6 Bg6 46. Bf3 Kf7 47. Rd6 Rc2+ 48. Ke3 Ra2 49. Bd5+ 1-0

[Event "EOBCC 2020"]
[Site "Online"]
[Date "2020.12.18"]
[Round "10.57"]
[White "Rasulov, Vugar"]
[Black "Sorensen, Hampus"]
[Result "1/2-1/2"]
[WhiteElo "2478"]
[BlackElo "2395"]
[Annotator "ChessBase"]
[PlyCount "35"]
[EventDate "2020.12.18"]
[EventType "tourn"]
[EventCountry "NET"]
[SourceTitle "playchess.com"]
[Source "ChessBase"]
[SourceQuality "1"]

1. d4 d5 2. c4 c6 3. Nf3 Nf6 4. e3 a6 5. Nc3 e6 6. b3 Bb4 7. Bd2 Nbd7 8. Bd3 O-O 9. O-O Bd6 10. e4 dxc4 11. Bxc4 e5 12. Bg5 h6 13. Bh4 Re8 14. Re1 Qe7 15. d5 c5 16. a4 Nf8 17. a5 Ng6 18. Bg3 1/2-1/2

[Event "EOBCC 2020"]
[Site "Online"]
[Date "2020.12.18"]
[Round "10.58"]
[White "Iskusnyh, Sergei"]
[Black "Polok, Kacper"]
[Result "1/2-1/2"]
[WhiteElo "2473"]
[BlackElo "2272"]
[Annotator "ChessBase"]
[PlyCount "109"]
[EventDate "2020.12.18"]
[EventType "tourn"]
[EventCountry "NET"]
[SourceTitle "playchess.com"]
[Source "ChessBase"]
[SourceQuality "1"]

1. d4 e6 2. c4 f5 3. g3 Nf6 4. Bg2 d5 5. Nf3 c6 6. O-O Bd6 7. Nc3 O-O 8. Qc2 Bd7 9. Rb1 a5 10. c5 Bc7 11. a3 Be8 12. b4 axb4 13. axb4 Nbd7 14. b5 f4 15. Qb3 fxg3 16. hxg3 e5 17. e4 Bf7 18. Ng5 exd4 19. Nxf7 Rxf7 20. exd5 dxc3 21. d6 Nxc5 22. dxc7 Qxc7 23. Qxc3 Nfe4 24. Qc2 Re8 25. Be3 b6 26. bxc6 Nxg3 27. Bxc5 Ne2+ 28. Kh1 Qf4 29. Qb3 bxc5 30. Rbe1 Kh8 31. Qh3 Rf6 32. Rxe2 Rxe2 33. Qc8+ Rf8 34. Qd7 Rd2 35. Qh3 Rxf2 36. Rxf2 Qxf2 37. c7 Qe1+ 38. Kh2 Qe5+ 39. Kh1 Qxc7 40. Be4 h6 41. Qh5 Qf4 42. Qg6 Qh4+ 43. Kg2 Qg5+ 44. Qxg5 hxg5 45. Kg3 g6 46. Bxg6 Kg7 47. Bd3 Kf6 48. Kf3 Re8 49. Bc4 Ke5 50. Kg4 Kd4 51. Bb5 c4 52. Bxe8 c3 53. Bg6 c2 54. Bxc2 Kc3 55. Kxg5 1/2-1/2

[Event "EOBCC 2020"]
[Site "Online"]
[Date "2020.12.18"]
[Round "10.59"]
[White "Lenaerts, Lennert"]
[Black "Matinian, Nikita"]
[Result "1-0"]
[WhiteElo "2357"]
[BlackElo "2470"]
[Annotator "ChessBase"]
[PlyCount "75"]
[EventDate "2020.12.18"]
[EventType "tourn"]
[EventCountry "NET"]
[SourceTitle "playchess.com"]
[Source "ChessBase"]
[SourceQuality "1"]

1. d4 d6 2. c4 g6 3. e4 Bg7 4. Nc3 Nc6 5. Be3 e5 6. Nge2 exd4 7. Nxd4 Nge7 8. Be2 O-O 9. O-O f5 10. Qd2 f4 11. Nxc6 fxe3 12. Nxe7+ Qxe7 13. Qxe3 c6 14. Rad1 Be6 15. b3 a6 16. f4 b5 17. Qd2 Rad8 18. cxb5 axb5 19. Bf3 b4 20. Ne2 Ra8 21. Qxd6 Qf7 22. f5 gxf5 23. exf5 Bxf5 24. Bxc6 Qa7+ 25. Kh1 Rac8 26. Qd5+ Kh8 27. Rxf5 Rfe8 28. Bxe8 Rxe8 29. Ng3 Qxa2 30. h3 Qb2 31. Qf7 Rg8 32. Rg5 h6 33. Rxg7 Rxg7 34. Rd8+ Kh7 35. Qf5+ Rg6 36. Rd7+ Kh8 37. Qf8+ Rg8 38. Qxh6# 1-0

[Event "EOBCC 2020"]
[Site "Online"]
[Date "2020.12.18"]
[Round "10.60"]
[White "Samadov, Read"]
[Black "Zarubitski, Viachaslau"]
[Result "0-1"]
[WhiteElo "2332"]
[BlackElo "2448"]
[Annotator "NA"]
[PlyCount "90"]
[EventDate "2020.12.18"]
[EventType "tourn"]
[EventCountry "NET"]
[SourceTitle "playchess.com"]
[Source "ChessBase"]
[SourceQuality "1"]

1. d4 d5 2. c4 c6 3. Nf3 Nf6 4. Nc3 dxc4 5. a4 Bf5 6. e3 e6 7. Bxc4 Bb4 8. O-O Nbd7 9. Qe2 Bg6 10. Rd1 O-O 11. Bd2 a5 12. h3 Qe7 13. Nh4 Be4 14. Nxe4 Nxe4 15. Nf3 Nxd2 16. Nxd2 Rad8 17. Ne4 Nb6 18. Bb3 e5 19. Qf3 exd4 20. exd4 Nd5 21. Nc3 Nf6 22. Re1 Qd7 23. Rad1 Rfe8 24. Rxe8+ Qxe8 25. g3 h6 26. Kg2 Rd7 27. Rd2 Qd8 28. Qf4 c5 29. d5 Bxc3 30. bxc3 Nxd5 31. Rxd5 Rxd5 32. Bxd5 Qxd5+ 33. Kh2 Qd7 34. Qb8+ Kh7 35. Qa7 Qc7 36. Qa8 Qe5 37. Qxb7 Qxc3 38. Qe4+ g6 39. Qd5 Kg7 40. Kg2 Qd4 41. Qc6 c4 42. Kf1 c3 43. Ke2 Qd2+ 44. Kf3 c2 45. Qe4 Qc3+ 0-1

[Event "EOBCC 2020"]
[Site "Online"]
[Date "2020.12.18"]
[Round "10.61"]
[White "Owczarzak, Jerzy"]
[Black "Abbasov, Farid"]
[Result "1/2-1/2"]
[WhiteElo "2326"]
[BlackElo "2528"]
[Annotator "ChessBase"]
[PlyCount "65"]
[EventDate "2020.12.18"]
[EventType "tourn"]
[EventCountry "NET"]
[SourceTitle "playchess.com"]
[Source "ChessBase"]
[SourceQuality "1"]

1. b4 d5 2. Bb2 e6 3. Nf3 Nf6 4. a3 Be7 5. e3 O-O 6. c4 b6 7. cxd5 Nxd5 8. Be2 Bb7 9. O-O Nd7 10. d3 c6 11. Nbd2 a5 12. bxa5 Rxa5 13. Qc2 Qa8 14. Rfb1 b5 15. Nb3 Ra4 16. Ne5 Nxe5 17. Bxe5 Bxa3 18. Nc5 Ra7 19. e4 Nf6 20. Bxf6 gxf6 21. Nd7 Be7 22. Nxf8 Kxf8 23. Rxa7 Qxa7 24. Qd2 Qd4 25. Qh6+ Kg8 26. Qe3 Bc5 27. Qg3+ Kh8 28. Qb8+ Kg7 29. Qg3+ Kh6 30. Qh4+ Kg7 31. Qg3+ Kh6 32. Qh4+ Kg7 33. Qg3+ 1/2-1/2

[Event "EOBCC 2020"]
[Site "Online"]
[Date "2020.12.18"]
[Round "10.62"]
[White "Hjartarson, Johann"]
[Black "Megalios, Konstantinos"]
[Result "0-1"]
[WhiteElo "2525"]
[BlackElo "2390"]
[Annotator "ChessBase"]
[PlyCount "158"]
[EventDate "2020.12.18"]
[EventType "tourn"]
[EventCountry "NET"]
[SourceTitle "playchess.com"]
[Source "ChessBase"]
[SourceQuality "1"]

1. c4 e5 2. g3 Nf6 3. Bg2 c6 4. d4 Bb4+ 5. Bd2 Bxd2+ 6. Qxd2 d6 7. Nc3 O-O 8. e3 Re8 9. Nge2 Bf5 10. O-O Nbd7 11. h3 h5 12. Rad1 e4 13. f3 Qe7 14. f4 d5 15. cxd5 cxd5 16. Rc1 Rac8 17. b3 Nb8 18. Na4 b6 19. Kh2 Qa3 20. Nec3 Bd7 21. Rc2 Na6 22. Rfc1 Nb4 23. Nb1 Nxc2 24. Nxa3 Nxa3 25. Bf1 Bxa4 26. bxa4 Nc4 27. Bxc4 dxc4 28. d5 Red8 29. d6 Rc6 30. Qb4 a5 31. Qb5 Rcxd6 32. Qxc4 Rd2+ 33. Kg1 Nd5 34. Qb3 Nb4 35. a3 Nd3 36. Rc7 Ne5 37. fxe5 Rd1+ 38. Qxd1 Rxd1+ 39. Kf2 Rd3 40. Ke2 Rxa3 41. Rb7 Rxa4 42. Rxb6 Ra2+ 43. Ke1 Rg2 44. Ra6 Rxg3 45. Kf2 Rf3+ 46. Ke2 Rxh3 47. Rxa5 Rf3 48. Ra7 h4 49. Ra4 g5 50. Rxe4 Rf5 51. e6 fxe6 52. Rxe6 Kg7 53. Re7+ Kg6 54. Re6+ Kh5 55. e4 Rf8 56. Re7 h3 57. e5 Kg4 58. Rh7 Rf5 59. e6 Re5+ 60. Kf2 Rxe6 61. Ra7 Rf6+ 62. Kg1 Kh4 63. Rh7+ Kg3 64. Ra7 g4 65. Ra3+ Rf3 66. Ra4 Rb3 67. Ra1 Kf3 68. Rf1+ Kg3 69. Ra1 Rf3 70. Rc1 Kh4 71. Kh2 Rf2+ 72. Kg1 Rf4 73. Rc3 g3 74. Rc1 g2 75. Kh2 Rf1 76. Rc4+ Kg5 77. Rc5+ Kf6 78. Rc6+ Ke7 79. Rg6 Rh1+ 0-1

[Event "EOBCC 2020"]
[Site "Online"]
[Date "2020.12.18"]
[Round "10.63"]
[White "Djukic, Nikola"]
[Black "Dudin, Gleb"]
[Result "1-0"]
[WhiteElo "2521"]
[BlackElo "2395"]
[Annotator "ChessBase"]
[PlyCount "91"]
[EventDate "2020.12.18"]
[EventType "tourn"]
[EventCountry "NET"]
[SourceTitle "playchess.com"]
[Source "ChessBase"]
[SourceQuality "1"]

1. e4 c6 2. Nc3 d5 3. Nf3 dxe4 4. Nxe4 Nf6 5. Qe2 Nxe4 6. Qxe4 Be6 7. Qe3 Nd7 8. Nd4 Bg4 9. h3 Bh5 10. b3 Nf6 11. Bb2 e6 12. g4 Bg6 13. Bg2 Bc5 14. Nxe6 Bxe3 15. Nxd8 Bxd2+ 16. Kxd2 Rxd8+ 17. Kc1 O-O 18. Re1 Rfe8 19. Rxe8+ Rxe8 20. Bxf6 gxf6 21. Kd2 Be4 22. Bxe4 Rxe4 23. Re1 Rd4+ 24. Kc3 Rf4 25. Re7 Rf3+ 26. Kb2 b5 27. Rxa7 Rxh3 28. Rc7 f5 29. gxf5 Rf3 30. Rxc6 Rxf5 31. b4 h5 32. a4 bxa4 33. Ka3 Kg7 34. Kxa4 h4 35. Rc3 Rxf2 36. b5 h3 37. Rg3+ Kf6 38. c4 h2 39. Rh3 Kg5 40. b6 Rb2 41. c5 Kg4 42. Rh8 Kg3 43. Ka5 f5 44. c6 Rc2 45. b7 Rc5+ 46. Kb6 1-0

[Event "EOBCC 2020"]
[Site "Online"]
[Date "2020.12.18"]
[Round "10.64"]
[White "Hayrapetyan, Hovik"]
[Black "Rodin, Dmitrij"]
[Result "0-1"]
[WhiteElo "2488"]
[BlackElo "2370"]
[Annotator "ChessBase"]
[PlyCount "102"]
[EventDate "2020.12.18"]
[EventType "tourn"]
[EventCountry "NET"]
[SourceTitle "playchess.com"]
[Source "ChessBase"]
[SourceQuality "1"]

1. Nf3 Nf6 2. g3 e6 3. Bg2 b6 4. O-O Bb7 5. c4 c5 6. b3 Be7 7. Bb2 O-O 8. d4 cxd4 9. Qxd4 d6 10. Nc3 a6 11. Rad1 Nbd7 12. e4 Qc7 13. h3 Rad8 14. Rfe1 Rfe8 15. Qe3 Bf8 16. Qf4 Ne5 17. g4 Bc6 18. Nd4 Ba8 19. Qg3 Nc6 20. Nxc6 Bxc6 21. g5 Nd7 22. f4 b5 23. cxb5 axb5 24. Ne2 Qa7+ 25. Qf2 Qxf2+ 26. Kxf2 e5 27. f5 Be7 28. h4 b4 29. Nc1 h6 30. Nd3 hxg5 31. Nxb4 Ba8 32. Nd5 Bxd5 33. Rxd5 gxh4 34. Red1 Rc8 35. a4 h3 36. Bf3 Bg5 37. Rxd6 Rc2+ 38. Kg3 Nf6 39. Ba1 Bf4+ 40. Kh4 Rf2 41. Bh1 Kh7 42. a5 Rh8 43. Rxf6 gxf6 44. a6 Kg7+ 45. Kg4 Ra2 46. Bc3 Rxa6 47. Bb4 Bg5 48. Bc5 Rh4+ 49. Kg3 Ra2 50. Bf3 h2 51. Rd8 h1=Q 0-1

[Event "EOBCC 2020"]
[Site "Online"]
[Date "2020.12.18"]
[Round "10.65"]
[White "Kourkoulos-Arditis, Stamatis"]
[Black "Krastev, Alexander"]
[Result "1-0"]
[WhiteElo "2485"]
[BlackElo "2367"]
[Annotator "ChessBase"]
[PlyCount "71"]
[EventDate "2020.12.18"]
[EventType "tourn"]
[EventCountry "NET"]
[SourceTitle "playchess.com"]
[Source "ChessBase"]
[SourceQuality "1"]

1. d4 Nf6 2. c4 c5 3. d5 g6 4. Nc3 Bg7 5. e4 O-O 6. Nf3 d6 7. h3 e6 8. Bd3 exd5 9. exd5 Re8+ 10. Be3 Nbd7 11. O-O a6 12. a4 Nh5 13. Qd2 Ne5 14. Be2 Nxf3+ 15. Bxf3 Ng3 16. Rfe1 Nf5 17. Bg5 f6 18. Rxe8+ Qxe8 19. Re1 Qf8 20. Bf4 Nd4 21. Bd1 Bd7 22. Ne4 f5 23. Bxd6 Qd8 24. Nxc5 Qb6 25. Be7 Be8 26. a5 Qc7 27. b4 b6 28. axb6 Qxb6 29. Ne6 Nxe6 30. Rxe6 Qb7 31. Re1 Bf7 32. d6 Qd7 33. c5 Rb8 34. Bf3 Be8 35. c6 Qa7 36. d7 1-0

[Event "EOBCC 2020"]
[Site "Online"]
[Date "2020.12.18"]
[Round "10.66"]
[White "Baghdasaryan, Vahe"]
[Black "Firat, Burak"]
[Result "1-0"]
[WhiteElo "2364"]
[BlackElo "2474"]
[Annotator "ChessBase"]
[PlyCount "63"]
[EventDate "2020.12.18"]
[EventType "tourn"]
[EventCountry "NET"]
[SourceTitle "playchess.com"]
[Source "ChessBase"]
[SourceQuality "1"]

1. e4 c6 2. d4 d5 3. exd5 cxd5 4. c4 Nf6 5. Nc3 g6 6. Qb3 Bg7 7. cxd5 O-O 8. Nf3 Nbd7 9. Be2 Nb6 10. O-O Nfxd5 11. Nxd5 Qxd5 12. Qa3 Bf5 13. Be3 Nc4 14. Bxc4 Qxc4 15. Qxe7 Rfe8 16. Qxb7 Rab8 17. Qxa7 Rxb2 18. Ne5 Qd5 19. Rfc1 Be4 20. Rc5 Qe6 21. Qd7 Bf5 22. Qxe6 Bxe6 23. a4 Reb8 24. h3 Bf8 25. Rcc1 Ra8 26. a5 Rb5 27. a6 Bd5 28. Nd7 Be7 29. Bf4 f6 30. a7 Rb7 31. Rc7 Rxc7 32. Bxc7 1-0

[Event "EOBCC 2020"]
[Site "Online"]
[Date "2020.12.18"]
[Round "10.67"]
[White "Ruperez Benito, Antonio"]
[Black "Shubin, Kirill"]
[Result "1-0"]
[WhiteElo "2363"]
[BlackElo "2441"]
[Annotator "NA"]
[PlyCount "57"]
[EventDate "2020.12.18"]
[EventType "tourn"]
[EventCountry "NET"]
[SourceTitle "playchess.com"]
[Source "ChessBase"]
[SourceQuality "1"]

1. e4 e6 2. b3 d5 3. Bb2 Nf6 4. e5 Nfd7 5. Qg4 c5 6. f4 Nc6 7. Nf3 g6 8. Be2 Be7 9. O-O h5 10. Qg3 b6 11. c3 a5 12. d4 a4 13. bxa4 Ba6 14. Bb5 Qc8 15. Nbd2 Na7 16. c4 dxc4 17. d5 Nxb5 18. axb5 Bxb5 19. dxe6 Qc6 20. exf7+ Kxf7 21. e6+ Qxe6 22. Rae1 Qg4 23. Ng5+ Bxg5 24. fxg5+ Kg8 25. Qc3 Rh7 26. Ne4 Bc6 27. h3 Qxe4 28. Rxe4 Bxe4 29. Qxc4+ 1-0

[Event "EOBCC 2020"]
[Site "Online"]
[Date "2020.12.18"]
[Round "10.68"]
[White "Djordjevic, Vuk"]
[Black "Polivanov, Anatoliy"]
[Result "1/2-1/2"]
[WhiteElo "2350"]
[BlackElo "2452"]
[Annotator "ChessBase"]
[PlyCount "72"]
[EventDate "2020.12.18"]
[EventType "tourn"]
[EventCountry "NET"]
[SourceTitle "playchess.com"]
[Source "ChessBase"]
[SourceQuality "1"]

1. d4 e6 2. Nf3 f5 3. c4 Nf6 4. g3 g6 5. Bg2 Bg7 6. O-O O-O 7. b4 d6 8. Nc3 Ne4 9. Bb2 Nxc3 10. Bxc3 Nc6 11. b5 Ne7 12. a4 Bd7 13. Qd3 f4 14. g4 e5 15. dxe5 Bxg4 16. exd6 Qxd6 17. Qxd6 cxd6 18. Bxg7 Kxg7 19. Rfd1 Nf5 20. Ng5 Bxe2 21. Ne6+ Kf7 22. Nxf8 Bxd1 23. Nxh7 f3 24. Ng5+ Kf6 25. Nxf3 Be2 26. Nd2 Rb8 27. a5 b6 28. Bd5 Nd4 29. Ne4+ Ke5 30. axb6 axb6 31. Ra7 Nf3+ 32. Kg2 Nh4+ 33. Kg3 Nf5+ 34. Kg2 Nh4+ 35. Kg3 Nf5+ 36. Kg2 Nh4+ 1/2-1/2

[Event "EOBCC 2020"]
[Site "Online"]
[Date "2020.12.18"]
[Round "10.70"]
[White "Borsuk, Konstantin"]
[Black "Migot, Tangi"]
[Result "1-0"]
[WhiteElo "2401"]
[BlackElo "2353"]
[Annotator "NA"]
[PlyCount "105"]
[EventDate "2020.12.18"]
[EventType "tourn"]
[EventCountry "NET"]
[SourceTitle "playchess.com"]
[Source "ChessBase"]
[SourceQuality "1"]

1. d4 d5 2. c4 c6 3. Nc3 Nf6 4. e3 e6 5. Nf3 Nbd7 6. Qc2 Bd6 7. Bd3 O-O 8. O-O dxc4 9. Bxc4 b5 10. Be2 Bb7 11. Rd1 Qc7 12. e4 e5 13. g3 Rfe8 14. a3 a6 15. Bg5 h6 16. Bd2 exd4 17. Nxd4 Ne5 18. Nf5 Bc5 19. b4 Bb6 20. Bf4 Rad8 21. Rxd8 Rxd8 22. Rd1 Rxd1+ 23. Qxd1 c5 24. Nd5 Nxd5 25. exd5 f6 26. d6 Qd7 27. Ne7+ Kh8 28. Bxe5 fxe5 29. Bg4 Qd8 30. Ng6+ Kg8 31. Be6+ Kh7 32. Ne7 Be4 33. Qg4 Bb1 34. Bf5+ Bxf5 35. Qxf5+ Kh8 36. Ng6+ Kg8 37. Qe6+ Kh7 38. Nxe5 cxb4 39. axb4 Qf8 40. Nf7 a5 41. bxa5 Bxa5 42. Kg2 b4 43. f4 Qa8+ 44. Kh3 Qf8 45. d7 Bc7 46. f5 Ba5 47. Qg6+ Kg8 48. Nxh6+ Kh8 49. Nf7+ Kg8 50. Ng5 Qf6 51. Qe8+ Qf8 52. Ne6 Kh7 53. Nxf8+ 1-0

[Event "EOBCC 2020"]
[Site "Online"]
[Date "2020.12.18"]
[Round "10.71"]
[White "Ioannidis, Evgenios"]
[Black "Hollan, Martin"]
[Result "0-1"]
[WhiteElo "2411"]
[BlackElo "2346"]
[Annotator "NA"]
[PlyCount "92"]
[EventDate "2020.12.18"]
[EventType "tourn"]
[EventCountry "NET"]
[SourceTitle "playchess.com"]
[Source "ChessBase"]
[SourceQuality "1"]

1. d4 Nf6 2. c4 e6 3. Nc3 Bb4 4. g3 O-O 5. Bg2 d5 6. Nf3 dxc4 7. O-O Nc6 8. Qa4 a6 9. Ne5 Bxc3 10. Nxc6 bxc6 11. bxc3 Nd5 12. Qxc4 a5 13. Ba3 Re8 14. Qxc6 Ba6 15. c4 Nc3 16. Qxa8 Nxe2+ 17. Kh1 Qxa8 18. Bxa8 Rxa8 19. Kg2 Nxd4 20. Rfd1 Nc2 21. Rac1 Nxa3 22. c5 Bb7+ 23. c6 Ba6 24. Rd7 Rc8 25. Rcd1 g6 26. Rd8+ Kg7 27. Rxc8 Bxc8 28. Rd8 Ba6 29. Rd7 Bc4 30. Rxc7 Nb5 31. Rc8 Na7 32. Rc7 Nxc6 33. a3 Bd5+ 34. Kf1 Nd4 35. Rc5 Nb3 36. Rc7 Nd2+ 37. Ke2 Nc4 38. Rc5 a4 39. h4 Nxa3 40. Ra5 Bb3 41. Kd3 Nc4 42. Ra7 h5 43. Kc3 Ne5 44. Ra5 Ng4 45. f3 Ne3 46. Kd4 Nf5+ 0-1

[Event "EOBCC 2020"]
[Site "Online"]
[Date "2020.12.18"]
[Round "10.72"]
[White "Kusa, Jakub"]
[Black "Gaehwiler, Gabriel"]
[Result "1/2-1/2"]
[WhiteElo "2336"]
[BlackElo "2408"]
[Annotator "NA"]
[PlyCount "90"]
[EventDate "2020.12.18"]
[EventType "tourn"]
[EventCountry "NET"]
[SourceTitle "playchess.com"]
[Source "ChessBase"]
[SourceQuality "1"]

1. e4 c5 2. Nf3 d6 3. Bb5+ Bd7 4. Bxd7+ Qxd7 5. c4 g6 6. Nc3 Bg7 7. O-O Nc6 8. d3 Nf6 9. h3 O-O 10. Be3 Rfc8 11. Rc1 a6 12. Nd5 Nxd5 13. cxd5 Nd4 14. Nxd4 cxd4 15. Bd2 Rxc1 16. Bxc1 Qb5 17. b3 Rc8 18. Bb2 a5 19. Qd2 a4 20. b4 a3 21. Bxa3 Rc3 22. Bb2 Rc8 23. Rc1 Rxc1+ 24. Bxc1 Qa4 25. a3 Be5 26. f4 Bf6 27. Bb2 Qb3 28. Kf2 h5 29. Ke2 Kf8 30. g4 hxg4 31. hxg4 g5 32. fxg5 Be5 33. g6 fxg6 34. Bc1 Ke8 35. Qb2 Qa4 36. Bd2 Qd7 37. Kf3 e6 38. Qb3 Qf7+ 39. Kg2 Qh7 40. Qa4+ Kd8 41. Bg5+ Kc7 42. Qa5+ Kb8 43. Qd8+ Ka7 44. Qa5+ Kb8 45. Qd8+ Ka7 1/2-1/2